Mediální referenční skupiny aneb Kdo k nám promlouvá

Výskum Vysokej školy ekonomickej v Prahe, ktorý mapuje zapojenie referenčných skupín do mediálnej marketingovej komunikácie. Dominujúce typy mediálnych referenčných skupín. Vzťah spotrebiteľov k celebritám. Športovci ako najlepšie prijímaná referenčná skupina.

Guardado en:
Detalles Bibliográficos
Autor principal: Koudelka, Jan
Formato: Capítulo de libro
Lenguaje:checo
Materias:
Etiquetas: Agregar Etiqueta
Sin Etiquetas, Sea el primero en etiquetar este registro!

MARC

LEADER 00000naa$a2200000$$$4500
001 0036781
005 20231016104451.0
041 0 |a cze 
044 |a CZ 
245 1 0 |a Mediální referenční skupiny aneb Kdo k nám promlouvá  |c Jan Koudelka 
520 |a Výskum Vysokej školy ekonomickej v Prahe, ktorý mapuje zapojenie referenčných skupín do mediálnej marketingovej komunikácie. Dominujúce typy mediálnych referenčných skupín. Vzťah spotrebiteľov k celebritám. Športovci ako najlepšie prijímaná referenčná skupina. 
610 2 0 |a marketing 
610 2 0 |a komunikácia marketingová 
610 2 0 |a reklama 
610 2 0 |a spotrebitelia 
610 2 0 |a médiá 
610 2 0 |a osobnosť 
610 2 0 |a značky výrobkov 
100 1 |a Koudelka, Jan